[Event "27th Czech Open A 2016"]
[Site "Pardubice CZE"]
[Date "2016.07.30"]
[Round "9.27"]
[White "Kantsler, Boris"]
[Black "Haba, Petr"]
[Result "1/2-1/2"]
[WhiteTitle "GM"]
[BlackTitle "GM"]
[WhiteElo "2395"]
[BlackElo "2484"]
[WhiteFideId "2805359"]
[BlackFideId "300160"]
[EventDate "2016.07.22"]

1. d4 d5 2. c4 e6 3. Nc3 c6 4. Nf3 dxc4 5. e3 b5 6. a4 Bb4 7. Bd2 a5 8. axb5
Bxc3 9. Bxc3 cxb5 10. b3 Bb7 11. bxc4 b4 12. Bb2 Nf6 13. Bd3 O-O 14. O-O Nbd7
15. c5 Qc7 16. Re1 Be4 17. Bxe4 Nxe4 18. Qa4 Rfc8 19. Rec1 Qc6 20. Qxc6 Rxc6 21.
Ra4 e5 22. Kf1 exd4 23. exd4 h6 24. Rca1 Rca6 25. Ke2 Re8 26. Kf1 Rea8 27. Ke2
Re8 28. Kf1 1/2-1/2

[Event "27th Czech Open A 2016"]
[Site "Pardubice CZE"]
[Date "2016.07.30"]
[Round "9.28"]
[White "Batchimeg, Tuvshintugs"]
[Black "Gavrilov, Alexei1"]
[Result "0-1"]
[WhiteTitle "IM"]
[BlackTitle "GM"]
[WhiteElo "2391"]
[BlackElo "2465"]
[WhiteFideId "4900839"]
[BlackFideId "4104358"]
[EventDate "2016.07.22"]

1. d4 Nf6 2. Nf3 d5 3. c4 e6 4. Nc3 Nbd7 5. cxd5 exd5 6. Bg5 c6 7. e3 h6 8. Bh4
g5 9. Bg3 Nh5 10. Bd3 Nxg3 11. hxg3 Bg7 12. Qc2 a5 13. Bf5 Nb6 14. b3 Qe7 15.
O-O Bxf5 16. Qxf5 Nc8 17. Qc2 Nd6 18. Rae1 f5 19. g4 O-O 20. gxf5 g4 21. Nh2 h5
22. e4 dxe4 23. Nxe4 Nxf5 24. Ng3 Qf7 25. Nxf5 Qxf5 26. Re4 Rad8 27. Rd1 c5 28.
d5 Bd4 29. Rdxd4 cxd4 30. Nf1 d3 31. Qxd3 Qxf2+ 32. Kh2 Rd6 33. Ng3 Rf3 34. Re8+
Kf7 35. Qe4 Qxg3+ 36. Kg1 Qf2+ 37. Kh1 Qf1+ 0-1

[Event "27th Czech Open A 2016"]
[Site "Pardubice CZE"]
[Date "2016.07.30"]
[Round "9.29"]
[White "Konguvel, Ponnuswamy"]
[Black "Lugovskoy, Maxim"]
[Result "1-0"]
[WhiteTitle "IM"]
[BlackTitle "IM"]
[WhiteElo "2379"]
[BlackElo "2458"]
[WhiteFideId "5000548"]
[BlackFideId "24126454"]
[EventDate "2016.07.22"]

1. e4 e6 2. d4 d5 3. Nc3 Bb4 4. e5 c5 5. a3 Bxc3+ 6. bxc3 Ne7 7. Qg4 Qc7 8. Qxg7
Rg8 9. Qxh7 cxd4 10. Ne2 Nbc6 11. f4 dxc3 12. Qd3 d4 13. Nxd4 Nxd4 14. Qxd4 Bd7
15. Rg1 Nf5 16. Qf2 Qc6 17. Bd3 Qd5 18. Be3 O-O-O 19. Bxa7 Bb5 20. O-O-O Bc6 21.
Qc5 Ne3 22. Qxd5 Nxd5 23. Bc5 Nxf4 24. g3 Nxd3+ 25. Rxd3 Rxd3 26. cxd3 Rg5 27.
Bd4 Rh5 28. h4 Bb5 29. Kc2 Rf5 30. Re1 Rf3 31. Re3 Rf2+ 32. Kxc3 Bc6 33. h5 Rh2
34. g4 Kd7 35. Rg3 Ba4 36. Bg1 Rh4 37. Kd2 Ke8 38. Bc5 Kd7 39. Ke3 Kc6 40. Bf8
Kd5 41. Kf4 Rh1 42. h6 Kd4 43. Kg5 Kd5 1-0

[Event "27th Czech Open A 2016"]
[Site "Pardubice CZE"]
[Date "2016.07.30"]
[Round "9.30"]
[White "Kvetny, Mark"]
[Black "Sundararajan, Kidambi"]
[Result "1/2-1/2"]
[WhiteTitle "FM"]
[BlackTitle "GM"]
[WhiteElo "2379"]
[BlackElo "2456"]
[WhiteFideId "24603929"]
[BlackFideId "5005370"]
[EventDate "2016.07.22"]

1. d4 f5 2. c4 Nf6 3. Nc3 d6 4. Bg5 Nbd7 5. Qc2 g6 6. h4 Bg7 7. h5 Nxh5 8. e4
fxe4 9. Qxe4 Nhf6 10. Qh4 c5 11. Nf3 O-O 12. O-O-O b6 13. Bd3 Bb7 14. Bxf6 Nxf6
15. Ng5 Nh5 16. g4 Bxh1 17. gxh5 e5 18. Rxh1 Bh6 19. Rg1 Rf4 20. Qh1 Bxg5 21.
Kb1 exd4 22. hxg6 h6 23. Rxg5 Qxg5 24. Qxa8+ Rf8 25. Qxa7 Qg1+ 26. Kc2 Rxf2+ 27.
Ne2 Qg4 28. Qb8+ Kg7 29. Qc7+ Kg8 30. Qd8+ Kg7 31. Qe7+ Kg8 32. Qe8+ Kg7 33.
Qe7+ Kg8 34. Qh7+ Kf8 35. Qxh6+ Ke7 36. Qh7+ Kd8 37. Qh8+ Kd7 38. Qh7+ Kd8 39.
Kb3 Rxe2 40. Bxe2 Qxe2 41. Qh8+ Kd7 42. Qg7+ Kc6 43. Qf7 b5 44. Qd5+ Kc7 45. a3
Qd3+ 46. Ka2 bxc4 47. g7 Qb3+ 48. Ka1 Qd1+ 1/2-1/2

[Event "27th Czech Open A 2016"]
[Site "Pardubice CZE"]
[Date "2016.07.30"]
[Round "9.31"]
[White "Sabuk, Piotr"]
[Black "Frolov, Artur"]
[Result "1/2-1/2"]
[WhiteTitle "IM"]
[BlackTitle "IM"]
[WhiteElo "2363"]
[BlackElo "2455"]
[WhiteFideId "1137565"]
[BlackFideId "14100134"]
[EventDate "2016.07.22"]

1. d4 Nf6 2. c4 g6 3. Nc3 Bg7 4. e4 d6 5. Nf3 O-O 6. h3 c5 7. d5 e5 8. g4 Na6 9.
Be2 Nc7 10. Be3 a6 11. a4 b6 12. Nd2 Nfe8 13. h4 f5 14. gxf5 gxf5 15. Bg5 Nf6
16. Rg1 Kh8 17. exf5 Bxf5 18. Nde4 Qd7 19. Bd3 Nxe4 20. Bxe4 b5 21. Qc2 bxc4 22.
O-O-O Bg4 23. Rde1 Nb5 24. axb5 axb5 25. f3 Bxf3 26. Bxf3 Rxf3 27. Ref1 Ra1+ 28.
Nb1 Qh3 29. Rxf3 Qxf3 30. Qg2 Qd3 31. Qc2 Qxd5 32. Qf5 c3 33. bxc3 Qa2 34. Qc8+
Qg8 35. Qxg8+ Kxg8 36. Kb2 Ra7 37. Na3 b4 38. cxb4 cxb4 39. Nb5 Rd7 40. Bf6 Kf8
41. Rxg7 Rxg7 42. Bxg7+ Kxg7 43. Nxd6 Kg6 44. Kb3 Kh5 45. Kxb4 Kxh4 46. Kc3 Kg3
47. Kd2 Kf4 48. Ke2 h5 49. Kf2 e4 50. Nxe4 Kxe4 51. Kg3 1/2-1/2

[Event "27th Czech Open A 2016"]
[Site "Pardubice CZE"]
[Date "2016.07.30"]
[Round "9.33"]
[White "Venkatesh, M.R."]
[Black "Seger, Ruediger"]
[Result "1-0"]
[WhiteTitle "GM"]
[BlackTitle "IM"]
[WhiteElo "2445"]
[BlackElo "2368"]
[WhiteFideId "5005779"]
[BlackFideId "4617274"]
[EventDate "2016.07.22"]

1. Nf3 Nf6 2. g3 g6 3. Bg2 Bg7 4. d3 O-O 5. O-O c5 6. e4 Nc6 7. Re1 d6 8. c3 e5
9. a3 Re8 10. b4 b6 11. Bb2 h6 12. Nbd2 Be6 13. Rb1 Rc8 14. Nf1 c4 15. dxc4 Bxc4
16. N1d2 Bd3 17. Rc1 d5 18. exd5 Nxd5 19. c4 Nc7 20. b5 Nd4 21. Nxd4 exd4 22.
Rxe8+ Nxe8 23. Bd5 Nc7 24. Bb7 Rb8 25. Bc6 Ne6 26. Nf3 Nc5 27. Bd5 Rc8 28. Bxd4
Bxd4 29. Nxd4 Qf6 30. Qg4 Re8 31. Qf3 Qe7 32. h4 h5 33. Nc6 Qc7 34. Nb4 Bf5 35.
Bc6 Rd8 36. Nd5 Qe5 37. Qc3 Qxc3 38. Rxc3 Kf8 39. f3 Ne6 40. Kf2 Nc5 41. Ke3 Be6
42. a4 Bxd5 43. cxd5 Ke7 44. Rxc5 bxc5 45. a5 Rb8 46. Kd3 Kd6 47. Kc4 f6 48. a6
Rb6 49. f4 Rb8 50. Bb7 Kc7 51. Kxc5 Rd8 52. Bc6 g5 53. b6+ Kb8 54. d6 gxh4 55.
gxh4 f5 56. d7 Rf8 57. Kd6 Rh8 58. bxa7+ Kxa7 59. Kc7 Rc8+ 60. Kxc8 1-0

[Event "27th Czech Open A 2016"]
[Site "Pardubice CZE"]
[Date "2016.07.30"]
[Round "9.34"]
[White "Nguyen, Thai Dai Van"]
[Black "Hansen, Mads"]
[Result "0-1"]
[WhiteTitle "FM"]
[BlackTitle "FM"]
[WhiteElo "2445"]
[BlackElo "2353"]
[WhiteFideId "358878"]
[BlackFideId "1401610"]
[EventDate "2016.07.22"]

1. e4 c5 2. Nf3 e6 3. d4 cxd4 4. Nxd4 Nc6 5. Nc3 Qc7 6. Be3 a6 7. Qf3 Ne5 8. Qg3
h5 9. O-O-O h4 10. Qh3 b5 11. f4 Nc4 12. Bxc4 Qxc4 13. f5 Bb7 14. Rhf1 e5 15.
Nb3 Qc7 16. Bg5 Rc8 17. Rf2 Be7 18. Bxe7 Kxe7 19. a3 Nf6 20. Qe3 Kf8 21. Rfd2
Rh6 22. Kb1 Kg8 23. Rg1 Ng4 24. Qf3 Qb6 25. Re1 Nf6 26. g4 hxg3 27. Qxg3 d6 28.
Rg2 Rh7 29. Qd3 b4 30. axb4 Qxb4 31. Re3 Rd8 32. Nd5 Bxd5 33. exd5 Rb8 34. Rh3
Rxh3 35. Qxh3 Qf4 36. Qg3 Qxg3 37. Rxg3 Rb4 38. Rc3 Rf4 39. Rc8+ Kh7 40. c4 e4
41. c5 e3 42. Nc1 dxc5 43. d6 Rxf5 44. Re8 Rd5 45. Rxe3 Rxd6 46. Nd3 Rd5 47. Kc2
Ng4 48. Re7 f6 49. h3 Ne5 50. Nf4 Rd6 51. Ne6 Nc6 52. Nf8+ Kg8 53. Rd7 Rd4 0-1

[Event "27th Czech Open A 2016"]
[Site "Pardubice CZE"]
[Date "2016.07.30"]
[Round "9.35"]
[White "Shevchenko, Kirill"]
[Black "Antonio, Viani D'cunha"]
[Result "1/2-1/2"]
[WhiteTitle "FM"]
[WhiteElo "2443"]
[BlackElo "2305"]
[WhiteFideId "14129574"]
[BlackFideId "5027330"]
[EventDate "2016.07.22"]

1. e4 c5 2. Nf3 d6 3. d4 cxd4 4. Nxd4 Nf6 5. Nc3 g6 6. Be3 Bg7 7. Be2 Nc6 8. Qd2
O-O 9. O-O-O Ng4 10. Bxg4 Bxg4 11. f3 Be6 12. Nxe6 fxe6 13. Bh6 Bxh6 14. Qxh6
Qa5 15. h4 Qe5 16. Ne2 Rac8 17. Kb1 a5 18. Rh3 Rf6 19. Rg3 Kh8 20. Qd2 Rcf8 21.
Rh1 Qc5 22. Nc1 Qd4 23. Qe1 h6 24. c3 Qc4 25. Qd2 Kh7 26. Nd3 a4 27. Qc2 e5 28.
Nf2 b5 29. Ng4 Rf4 30. a3 Rc8 31. Ne3 Qb3 32. Qxb3 axb3 33. Nd5 Rf7 34. Rgh3 Na5
35. Rd1 Nc4 36. Nb4 Rff8 37. Rhh1 Rfd8 38. Nd3 Ne3 39. Rd2 Nc4 40. Rdd1 Ne3 41.
Rd2 Nc4 1/2-1/2

[Event "27th Czech Open A 2016"]
[Site "Pardubice CZE"]
[Date "2016.07.30"]
[Round "9.36"]
[White "Kozionov, Kirill"]
[Black "Thakur, Akash"]
[Result "1/2-1/2"]
[WhiteTitle "IM"]
[BlackTitle "FM"]
[WhiteElo "2440"]
[BlackElo "2339"]
[WhiteFideId "24101729"]
[BlackFideId "5008514"]
[EventDate "2016.07.22"]

1. Nf3 d5 2. g3 Nf6 3. Bg2 g6 4. d4 Bg7 5. c4 c6 6. cxd5 cxd5 7. Nc3 O-O 8. Ne5
Be6 9. O-O Nbd7 10. f4 Nb6 11. a4 a5 12. Be3 Ng4 13. Bf2 Rc8 14. e3 h5 15. h3
Nxf2 16. Rxf2 Bxe5 17. dxe5 Qd7 18. Qd4 Qc6 19. Rd1 Rfd8 20. Kh2 Rd7 21. Nb5 Qc5
22. b3 Qxd4 23. Nxd4 Rdc7 24. Bf3 Rc3 25. Re2 Bd7 26. g4 hxg4 27. hxg4 e6 28.
Kg3 Kg7 29. Rdd2 Na8 30. f5 gxf5 31. gxf5 exf5 32. Bxd5 b6 33. e6 fxe6 34. Bb7
Rg8 35. Nxf5+ Kf6+ 36. Kf3 exf5 37. Rxd7 Rc7 38. Red2 Rxd7 39. Rxd7 Ke6 40. Rh7
Kd6 41. Kf4 Nc7 42. Rh6+ Ne6+ 43. Kxf5 Rg5+ 44. Ke4 Re5+ 45. Kd3 Kc5 46. e4 b5
47. axb5 Kxb5 48. Bd5 Ng5 49. Ke3 Re7 50. Rh5 Nxe4 51. Bxe4+ Kb4 52. Kd4 Kxb3
53. Rxa5 Rd7+ 54. Bd5+ Kc2 55. Ra2+ Kd1 56. Ke4 Kc1 57. Bc4 Rd2 58. Ra5 Rd8 59.
Bd3 Kd2 60. Ra2+ Kc3 61. Rc2+ Kb4 62. Bc4 Rh8 63. Bd5 Rh4+ 64. Ke5 Rh5+ 65. Kd4
Rh4+ 66. Be4 Rg4 67. Rb2+ Ka4 68. Kd5 Ka3 69. Rb8 Rh4 70. Bd3 Rb4 71. Rc8 Rh4
72. Rc2 Kb4 73. Be4 Rh5+ 74. Kd4 Rh4 75. Rb2+ Ka4 76. Kd3 Ka5 77. Rb8 Rg4 78.
Rb1 Rh4 79. Bd5 Rb4 80. Rh1 Rg4 81. Kc3 Kb6 82. Bc4 Kc5 83. Rh5+ Kd6 84. Kb4 Rg1
85. Rd5+ Ke7 86. Kc5 Kf6 87. Kd6 Rg4 88. Bd3 Rg5 89. Rd4 Ra5 90. Rg4 Ra1 91.
Rg6+ Kf7 92. Ke5 Re1+ 93. Kf5 Ke7 94. Be4 Re2 95. Ke5 Re1 96. Rg7+ Ke8 97. Kd5
Kf8 98. Rb7 Re2 99. Bf5 Re7 100. Rb4 Re1 101. Kd6 Kf7 102. Rf4 Kf6 103. Be6+ 1/2-1/2